000 00379nam a2200145Ia 4500
008 230711s9999||||xx |||||||||||||| ||und||
041 _aENG
082 _a621.381
_bAN-E
100 _aA.Anand Kumar
245 0 _aFundamental of digital circuits
250 _a2nd Ed.
260 _c2012
_aNew Delhi
_bPHI Learning Private Limited
650 _aElectronics Engineering
942 _cBK
999 _c4300
_d4300